书目信息 |
| 题名: |
论情节
|
|
| 作者: | 冉欲达 著 | |
| 分册: | ||
| 出版信息: | 北京 新华出版社 1982 |
|
| 页数: | 209页 | |
| 开本: | 19cm | |
| 丛书名: | ||
| 单 册: | ||
| 中图分类: | I043 , I207 | |
| 科图分类: | ||
| 主题词: | 情节-创作理论 , 创作理论-情节 , 文学--中国 | |
| 电子资源: | ||
| ISBN: | ||
| 000 | 00626nam0 2200253 450 | |
| 001 | 1571832622 | |
| 005 | 20150123195745.43 | |
| 010 | @dCNY0.60 | |
| 091 | @a10203.074 | |
| 100 | @a19980305d1982 em y0chiy0110 ea | |
| 101 | 0 | @achi |
| 102 | @aCN@b110000 | |
| 105 | @ay z 000yy | |
| 200 | 1 | @a论情节@9lun qing jie@f冉欲达著 |
| 210 | @a北京@c新华出版社@d1982 | |
| 215 | @a209页@d19cm | |
| 606 | 0 | @a情节-创作理论 |
| 606 | 0 | @a创作理论-情节 |
| 606 | 0 | @a文学@x中国 |
| 690 | @aI043@v5 | |
| 690 | @aI207@v4 | |
| 701 | 0 | @a冉欲达@9ran yu da@f(1923.5~)@4著 |
| 801 | 0 | @aCN@bTSSF@c20150123 |
| 905 | @aZUCC@dI207@eJY111 | |
| 论情节/冉欲达著.-北京:新华出版社,1982 |
| 209页;19cm |
| ISBN :CNY0.60 |
| ● |
| 相关链接 |
|
|
|
|
正题名:论情节
索取号:I207/JY111
 
预约/预借
| 序号 | 登录号 | 条形码 | 馆藏地/架位号 | 状态 | 备注 |
| 1 | 7843914 | 278439147 | 学院路分馆/ [索取号:I207/JY111] | 在馆 | |
| 2 | 7843915 | 278439156 | 学院路分馆/ [索取号:I207/JY111] | 在馆 | |
| 3 | 7843916 | 278439165 | 学院路分馆/ [索取号:I207/JY111] | 在馆 | |
| 4 | 7843917 | 278439174 | 学院路分馆/ [索取号:I207/JY111] | 在馆 |